[Event "Muensterland Regionalliga playoff 9-12"]
[Site "Germany"]
[Date "2023.03.18"]
[Round "1.7"]
[White "Reufer, Berthold"]
[Black "Gravenkoetter, Christian"]
[Result "1-0"]
[WhiteElo "1674"]
[BlackElo "1676"]
[PlyCount "63"]
[EventDate "2022.03.18"]
[EventType "team-k.o."]
[EventRounds "2"]
[EventCountry "GER"]
[SourceTitle "EXT 2024"]
[Source "ChessBase"]
[SourceDate "2023.10.10"]
[SourceVersion "1"]
[SourceVersionDate "2023.10.10"]
[SourceQuality "1"]
[WhiteTeam "Duelmen"]
[BlackTeam "Metelen"]
[WhiteTeamCountry "GER"]
[BlackTeamCountry "GER"]

1. e4 e5 2. d4 exd4 3. Nf3 Nc6 4. Bc4 d6 5. Nxd4 Nxd4 6. Qxd4 Qf6 7. Be3 Be6 8. Bxe6 fxe6 9. Qb4 0-0-0 10. Qa4 Qxb2 11. 0-0 a6 12. Nd2 Qb5 13. Qd4 c5 14. Qc3 d5 15. exd5 exd5 16. Qe5 Qc6 17. Nf3 Bd6 18. Qxg7 Ne7 19. Qg4+ Kb8 20. Bf4 Rhg8 21. Bxd6+ Qxd6 22. Qh5 Ka8 23. Rfe1 Nc6 24. Rab1 Rd7 25. Rb6 Ka7 26. Reb1 Qg6 27. Qh3 Qg4 28. Qxg4 Rxg4 29. Rxc6 bxc6 30. Ne5 Rdg7 31. Nxc6+ Ka8 32. Rb8# 1-0

[Event "Muensterland Regionalliga Gr1 2223"]
[Site "Germany"]
[Date "2023.01.14"]
[Round "5.7"]
[White "Gravenkoetter, Christian"]
[Black "Bahr, Maximilian"]
[Result "1-0"]
[WhiteElo "1648"]
[BlackElo "1740"]
[PlyCount "109"]
[EventDate "2022.09.03"]
[EventType "team-tourn"]
[EventRounds "7"]
[EventCountry "GER"]
[SourceTitle "EXT 2024"]
[Source "ChessBase"]
[SourceDate "2023.10.10"]
[SourceVersion "1"]
[SourceVersionDate "2023.10.10"]
[SourceQuality "1"]
[WhiteTeam "Metelen"]
[BlackTeam "Emsdetten Rochade"]
[WhiteTeamCountry "GER"]
[BlackTeamCountry "GER"]

1. f4 d5 2. e3 Nf6 3. Nf3 Nc6 4. b3 d4 5. exd4 Nxd4 6. Bb2 c5 7. Be2 a6 8. c4 Nxe2 9. Qxe2 e6 10. 0-0 Be7 11. Nc3 0-0 12. Ne4 Bd7 13. Ne5 Be8 14. Rfd1 Qc7 15. d4 cxd4 16. Bxd4 Rd8 17. Qe3 Nxe4 18. Qxe4 Rxd4 19. Rxd4 Bc5 20. Kf1 Bxd4 21. Qxd4 f6 22. Nd3 e5 23. Qc5 Qd7 24. Qe3 Bg6 25. Rd1 exf4 26. Qf3 Qe7 27. Nxf4 Be4 28. Qh3 f5 29. Qg3 Qe5 30. Rd7 g6 31. Nxg6 Qxg3 32. Ne7+ Kh8 33. hxg3 Rf7 34. Rd8+ Kg7 35. Nd5 Bb1 36. Nc3 Be4 37. Nxe4 fxe4+ 38. Ke2 Re7 39. Rd6 h6 40. Ke3 Kh7 41. Rd4 Rg7 42. Kf4 e3 43. Re4 Rd7 44. Kxe3 Kg6 45. a4 Kf6 46. Rd4 Rg7 47. Kf4 Ke6 48. c5 h5 49. Rd6+ Ke7 50. Rh6 Rg4+ 51. Kf3 Rb4 52. Rb6 Rxb6 53. cxb6 a5 54. g4 h4 55. g5 1-0

[Event "Muensterland Regionalliga 1920"]
[Site "Germany"]
[Date "2020.02.01"]
[Round "6.8"]
[White "Klueppel, Ralf"]
[Black "Gravenkoetter, Christian"]
[Result "1-0"]
[WhiteElo "1780"]
[BlackElo "1668"]
[PlyCount "113"]
[EventDate "2019.09.07"]
[EventType "team-tourn"]
[EventRounds "7"]
[EventCountry "GER"]
[SourceTitle "EXT 2023"]
[Source "ChessBase"]
[SourceDate "2022.10.05"]
[SourceVersion "1"]
[SourceVersionDate "2022.10.05"]
[SourceQuality "1"]
[WhiteTeam "Borken"]
[BlackTeam "Metelen"]
[WhiteTeamCountry "GER"]
[BlackTeamCountry "GER"]

1. d4 d5 2. Nf3 Bg4 3. c4 Bxf3 4. exf3 e6 5. cxd5 exd5 6. Qb3 Qe7+ 7. Qe3 Nc6 8. Be2 0-0-0 9. 0-0 Nf6 10. Nc3 h6 11. a3 g5 12. b4 Bg7 13. Qd3 Nd7 14. Be3 Nf8 15. b5 Nb8 16. Rfc1 Ne6 17. g3 Rhf8 18. Na4 Rd6 19. Nc5 f5 20. Nxe6 Rxe6 21. Bf1 Kd8 22. Rc5 c6 23. bxc6 bxc6 24. Rac1 Qf6 25. Qc3 Rf7 26. Bh3 Nd7 27. Ra5 Nb6 28. Rc5 Rc7 29. Qd3 Nc4 30. Bxf5 Rd6 31. g4 Rb7 32. Rb1 Qe7 33. Rb3 Bf8 34. Qb1 Rb6 35. Qc2 Rf6 36. Kg2 Qc7 37. Rxc4 dxc4 38. Qxc4 Rxb3 39. Qxb3 Qb6 40. Qd3 Qc7 41. Bd2 Bd6 42. h3 Qe7 43. Qa6 Ke8 44. Qxc6+ Kf7 45. Qc4+ Kg7 46. Bc3 h5 47. d5 Be5 48. Qe4 Rxf5 49. gxf5 Kf6 50. Bb4 Qd7 51. Qd3 Qxf5 52. Qa6+ Kg7 53. Qxa7+ Kg8 54. Qa8+ Kh7 55. Qb7+ Kh8 56. Qe7 Qf4 57. Qf8+ 1-0

[Event "Muensterland Regionalliga 1920"]
[Site "Germany"]
[Date "2019.09.28"]
[Round "2.6"]
[White "Raue, Thorsten"]
[Black "Gravenkoetter, Christian"]
[Result "1-0"]
[WhiteElo "1803"]
[BlackElo "1668"]
[PlyCount "115"]
[EventDate "2019.09.07"]
[EventType "team-tourn"]
[EventRounds "7"]
[EventCountry "GER"]
[SourceTitle "EXT 2023"]
[Source "ChessBase"]
[SourceDate "2022.10.05"]
[SourceVersion "1"]
[SourceVersionDate "2022.10.05"]
[SourceQuality "1"]
[WhiteTeam "Steinfurt"]
[BlackTeam "Metelen"]
[WhiteTeamCountry "GER"]
[BlackTeamCountry "GER"]

1. b4 d5 2. Bb2 Bf5 3. e3 e6 4. Nf3 Nd7 5. c4 Ngf6 6. c5 c6 7. Be2 a5 8. a3 axb4 9. axb4 Rxa1 10. Bxa1 b6 11. d4 Qa8 12. Nc3 b5 13. 0-0 Be7 14. Qb3 0-0 15. Bb2 Qb7 16. Ra1 Ne4 17. Ra5 Nxc3 18. Qxc3 Bd8 19. Ra1 Bc7 20. Qa3 h6 21. Nd2 g5 22. Qa6 Rb8 23. Qxb7 Rxb7 24. Nb3 Nb8 25. Ra8 Kh7 26. Na5 Bxa5 27. bxa5 Kg6 28. a6 Nxa6 29. Rxa6 Rc7 30. Bc3 h5 31. h3 h4 32. Kf1 Bc2 33. Ke1 f5 34. Kd2 Bb3 35. Kc1 Bc4 36. Bxc4 bxc4 37. Kb2 g4 38. Ka3 Kg5 39. f4+ gxf3 40. gxf3 f4 41. Bd2 fxe3 42. Bxe3+ Kf5 43. Kb4 e5 44. dxe5 Kxe5 45. Bg5 Kd4 46. Bxh4 c3 47. Bf6+ Ke3 48. Kxc3 Kxf3 49. Kd4 Rc8 50. Ke5 Ke3 51. Kd6 d4 52. Rxc6 Rf8 53. Kd7 Kd3 54. Rd6 Kc4 55. Bxd4 Kb5 56. c6 Ka6 57. c7+ Kb7 58. Rb6+ 1-0

[Event "Muensterland Regionalliga 1920"]
[Site "Germany"]
[Date "2019.09.07"]
[Round "1.7"]
[White "Gravenkoetter, Christian"]
[Black "Hunhoff, Andreas"]
[Result "1/2-1/2"]
[WhiteElo "1668"]
[BlackElo "1798"]
[PlyCount "114"]
[EventDate "2019.09.07"]
[EventType "team-tourn"]
[EventRounds "7"]
[EventCountry "GER"]
[SourceTitle "EXT 2023"]
[Source "ChessBase"]
[SourceDate "2022.10.05"]
[SourceVersion "1"]
[SourceVersionDate "2022.10.05"]
[SourceQuality "1"]
[WhiteTeam "Metelen"]
[BlackTeam "Bocholt"]
[WhiteTeamCountry "GER"]
[BlackTeamCountry "GER"]

1. e4 c5 2. b3 Nc6 3. Bb2 d6 4. Nf3 Bg4 5. h3 Bh5 6. Bb5 Qb6 7. Bxc6+ Qxc6 8. d3 e6 9. Nbd2 Nf6 10. Bxf6 gxf6 11. g4 Bg6 12. Qe2 Be7 13. a4 a6 14. Nh4 0-0-0 15. 0-0-0 Rhe8 16. f4 f5 17. Nxg6 fxg6 18. Nf3 b5 19. axb5 Qxb5 20. Rhe1 Bf8 21. d4 Qa5 22. Kb2 fxe4 23. Qxe4 d5 24. Qd3 cxd4 25. Ra1 Qc3+ 26. Qxc3+ dxc3+ 27. Kxc3 Kb7 28. Ra4 Rc8+ 29. Kd3 Bd6 30. Ng5 e5 31. fxe5 Rxe5 32. Rxe5 Bxe5 33. c4 dxc4+ 34. Rxc4 Rxc4 35. Kxc4 h5 36. Ne6 hxg4 37. hxg4 Bb2 38. Nc5+ Ka7 39. Kd5 Bc1 40. Kc6 Be3 41. Ne6 Bd2 42. Nc7 g5 43. Ne6 Be3 44. b4 Bd2 45. b5 axb5 46. Kxb5 Kb7 47. Kc5 Kc8 48. Kd5 Kd7 49. Ke5 Ke7 50. Kf5 Kf7 51. Nxg5+ Kg7 52. Ne6+ Kf7 53. Nf4 Bc1 54. g5 Bb2 55. g6+ Kg7 56. Nh5+ Kh6 57. Nf6 Kg7 1/2-1/2

[Event "Muensterland Verbandsliga 1819"]
[Site "Germany"]
[Date "2019.03.16"]
[Round "8.6"]
[White "Boerger, Andreas"]
[Black "Gravenkoetter, Christian"]
[Result "1-0"]
[WhiteElo "1766"]
[BlackElo "1719"]
[PlyCount "103"]
[EventDate "2018.09.01"]
[EventType "team-tourn"]
[EventRounds "9"]
[EventCountry "GER"]
[SourceTitle "EXT 2020"]
[Source "ChessBase"]
[SourceDate "2019.10.17"]
[SourceVersion "1"]
[SourceVersionDate "2019.10.17"]
[SourceQuality "1"]
[WhiteTeam "Muenster IV"]
[BlackTeam "Metelen"]
[WhiteTeamCountry "GER"]
[BlackTeamCountry "GER"]

1. c4 e5 2. e4 Bc5 3. Nc3 Ne7 4. d3 0-0 5. Be3 Bd4 6. Qd2 c5 7. f4 exf4 8. Bxf4 Ng6 9. Bd6 Re8 10. Nf3 Qb6 11. Bg3 Bxc3 12. Qxc3 f5 13. Nd2 Nc6 14. Be2 Nd4 15. Bf3 Nxf3+ 16. gxf3 d6 17. 0-0-0 a5 18. h4 a4 19. h5 Ne5 20. h6 Qb4 21. Kc2 Qxc3+ 22. bxc3 g6 23. Rb1 Ra6 24. exf5 Bxf5 25. Bxe5 Rxe5 26. Ne4 Bxe4 27. dxe4 Re7 28. Kd3 Kf7 29. Ke3 a3 30. Rhg1 Ra4 31. Kd3 Ke6 32. f4 Rf7 33. Rgf1 Ra8 34. Rb6 Raf8 35. Ke3 Rc8 36. Rfb1 Rcc7 37. e5 Rfd7 38. exd6 Rxd6 39. Rxb7 Rxb7 40. Rxb7 Rd1 41. Rxh7 Ra1 42. Rg7 Kf6 43. Ra7 Rxa2 44. h7 Rh2 45. Ke4 a2 46. Rxa2 Rxh7 47. Ra6+ Kg7 48. Ra7+ Kh6 49. Rxh7+ Kxh7 50. Kd5 Kh6 51. Kxc5 Kh5 52. Kd5 1-0

[Event "Muensterland Verbandsliga 1819"]
[Site "Germany"]
[Date "2019.02.16"]
[Round "7.7"]
[White "Gravenkoetter, Christian"]
[Black "Robers, Frank"]
[Result "1/2-1/2"]
[WhiteElo "1719"]
[BlackElo "1637"]
[PlyCount "84"]
[EventDate "2018.09.01"]
[EventType "team-tourn"]
[EventRounds "9"]
[EventCountry "GER"]
[SourceTitle "EXT 2020"]
[Source "ChessBase"]
[SourceDate "2019.10.17"]
[SourceVersion "1"]
[SourceVersionDate "2019.10.17"]
[SourceQuality "1"]
[WhiteTeam "Metelen"]
[BlackTeam "Gescher"]
[WhiteTeamCountry "GER"]
[BlackTeamCountry "GER"]

1. e4 c5 2. b3 Nc6 3. Nf3 d6 4. Bb5 Bd7 5. Qe2 e5 6. 0-0 Nf6 7. d3 Be7 8. Bxc6 Bxc6 9. c4 0-0 10. Bg5 Ne8 11. Bxe7 Qxe7 12. Nc3 f5 13. Nd5 Bxd5 14. cxd5 Nc7 15. Rad1 Rf7 16. Qd2 f4 17. Ne1 Nb5 18. f3 g5 19. Nc2 Rg7 20. a4 Nc7 21. b4 b6 22. bxc5 bxc5 23. Rb1 g4 24. fxg4 Rxg4 25. Rb7 Rg7 26. Ne1 Qg5 27. Qa5 Ne8 28. Qb5 Qg4 29. Rxg7+ Qxg7 30. Nf3 Qc7 31. Rb1 Qb6 32. a5 Qxb5 33. Rxb5 Rc8 34. Ng5 c4 35. dxc4 Rxc4 36. Rb8 Kf8 37. Ne6+ Ke7 38. Rb7+ Kf6 39. Rxa7 h5 40. a6 Rc1+ 41. Kf2 Rc2+ 42. Kf3 Rc3+ 1/2-1/2

[Event "Muensterland Verbandsliga 1718"]
[Site "Germany"]
[Date "2018.03.03"]
[Round "7.6"]
[White "Gravenkoetter, Christian"]
[Black "Bohn, Andreas"]
[Result "1/2-1/2"]
[WhiteElo "1711"]
[BlackElo "1819"]
[PlyCount "34"]
[EventDate "2017.09.09"]
[EventType "team-tourn"]
[EventRounds "9"]
[EventCountry "GER"]
[SourceTitle "EXT 2019"]
[Source "ChessBase"]
[SourceDate "2018.10.10"]
[SourceVersion "1"]
[SourceVersionDate "2018.10.10"]
[SourceQuality "1"]
[WhiteTeam "Metelen"]
[BlackTeam "Borken"]
[WhiteTeamCountry "GER"]
[BlackTeamCountry "GER"]

1. e4 c5 2. b3 e6 3. Bb2 d6 4. Bb5+ Bd7 5. Bxd7+ Nxd7 6. Ne2 Ngf6 7. d3 Be7 8. Nd2 0-0 9. 0-0 Qc7 10. c4 d5 11. exd5 exd5 12. d4 Rac8 13. cxd5 cxd4 14. Nxd4 Nxd5 15. Nf5 Bf6 16. Rc1 Qf4 17. Bxf6 N7xf6 1/2-1/2

[Event "Muensterland Verbandsliga 1718"]
[Site "Germany"]
[Date "2017.12.09"]
[Round "4.7"]
[White "Gravenkoetter, Christian"]
[Black "Wehmeier, Sven"]
[Result "0-1"]
[WhiteElo "1711"]
[BlackElo "1768"]
[PlyCount "174"]
[EventDate "2017.09.09"]
[EventType "team-tourn"]
[EventRounds "9"]
[EventCountry "GER"]
[SourceTitle "EXT 2019"]
[Source "ChessBase"]
[SourceDate "2018.10.10"]
[SourceVersion "1"]
[SourceVersionDate "2018.10.10"]
[SourceQuality "1"]
[WhiteTeam "Metelen"]
[BlackTeam "Emsdetten Rochade II"]
[WhiteTeamCountry "GER"]
[BlackTeamCountry "GER"]

1. e4 e5 2. Nf3 Nc6 3. Bc4 Bc5 4. d3 h6 5. c3 d6 6. b4 Bb6 7. Qb3 Qe7 8. a4 a5 9. b5 Nd8 10. Be3 Bxe3 11. fxe3 Nf6 12. 0-0 Ng4 13. Re1 0-0 14. Nbd2 b6 15. d4 Kh8 16. h3 Nf6 17. Bd3 Ne6 18. Qd1 Nd7 19. Qe2 g5 20. g4 Kg7 21. Nh2 Rh8 22. Rf1 Nef8 23. Rf3 Ng6 24. Raf1 f6 25. Rg3 Bb7 26. d5 Raf8 27. Ndf3 Rh7 28. h4 gxh4 29. Rh3 Bxd5 30. exd5 e4 31. Nxh4 Nxh4 32. Rxh4 exd3 33. Qxd3 Nc5 34. Qd4 Nb3 35. Qf4 Qe5 36. Qxe5 fxe5 37. Rxf8 Kxf8 38. Nf3 Rg7 39. Kf2 Nc5 40. Ke1 Ne4 41. c4 Nc3 42. Rxh6 Rxg4 43. Nd2 Nxa4 44. Rh7 Rg1+ 45. Nf1 Rg7 46. Rh2 Rg4 47. Nd2 Kg7 48. Kd1 Nb2+ 49. Kc2 Nxc4 50. Nxc4 Rxc4+ 51. Kd3 Rc5 52. e4 Rxb5 53. Rg2+ Kf6 54. Rh2 Rb3+ 55. Kc2 Rb5 56. Rh7 Rc5+ 57. Kb3 Kg5 58. Rf7 b5 59. Ka3 Rc3+ 60. Kb2 b4 61. Rf8 a4 62. Ka2 Rc2+ 63. Kb1 b3 64. Rb8 Kf4 65. Rb4 Ra2 66. Rc4 a3 67. Ra4 Ke3 68. Rc4 Rd2 69. Rc3+ Rd3 70. Rc1 Kd2 71. Rh1 Re3 72. Rh2+ Kc3 73. Rh1 Rxe4 74. Rh3+ Kc4 75. Rh1 Kxd5 76. Kc1 c5 77. Kd2 c4 78. Kc3 Kc5 79. Ra1 b2 80. Rd1 d5 81. Kc2 d4 82. Kb1 c3 83. Ka2 Re2 84. Rd3 c2 85. Kxa3 c1Q 86. Rc3+ Qxc3+ 87. Ka4 Qb4# 0-1

[Event "Muensterland Verbandsliga 1718"]
[Site "Germany"]
[Date "2017.11.18"]
[Round "3.7"]
[White "Gehlen, Horst"]
[Black "Gravenkoetter, Christian"]
[Result "1/2-1/2"]
[WhiteElo "1669"]
[BlackElo "1711"]
[PlyCount "86"]
[EventDate "2017.09.09"]
[EventType "team-tourn"]
[EventRounds "9"]
[EventCountry "GER"]
[SourceTitle "EXT 2019"]
[Source "ChessBase"]
[SourceDate "2018.10.10"]
[SourceVersion "1"]
[SourceVersionDate "2018.10.10"]
[SourceQuality "1"]
[WhiteTeam "Duelmen"]
[BlackTeam "Metelen"]
[WhiteTeamCountry "GER"]
[BlackTeamCountry "GER"]

1. f4 e5 2. fxe5 d6 3. exd6 Bxd6 4. Nf3 g5 5. g3 g4 6. Nh4 Be7 7. Ng2 h5 8. d4 h4 9. Qd3 Nc6 10. c3 hxg3 11. Qxg3 Nf6 12. Qd3 Qd5 13. Bf4 Bf5 14. e4 Bxe4 15. Qd2 Bxb1 16. Rxb1 Qxa2 17. Bd3 0-0-0 18. Bf5+ Kb8 19. 0-0 Bd6 20. Bxd6 Rxd6 21. Ra1 Qb3 22. Ne3 Ne5 23. Ra3 Qb5 24. Bd3 Nxd3 25. c4 Qxb2 26. Rxd3 Qxd2 27. Rxd2 Ne4 28. Rg2 g3 29. hxg3 Rdh6 30. Rc2 Nxg3 31. Rxf7 Ne4 32. Kf1 Rh1+ 33. Ke2 R1h2+ 34. Kd3 Rxc2 35. Kxc2 a5 36. Kd3 Nd6 37. Re7 Rh3 38. Re5 b6 39. c5 Nf7 40. Re7 Ng5 41. cxb6 cxb6 42. Kc4 Rh6 43. Kb5 Re6 1/2-1/2

[Event "Muensterland Verbandsklasse 1314"]
[Site "Germany"]
[Date "2014.04.12"]
[Round "8.7"]
[White "Gravenkoetter, Christian"]
[Black "Miemietz, Carsten"]
[Result "1/2-1/2"]
[WhiteElo "1659"]
[BlackElo "1674"]
[PlyCount "64"]
[EventDate "2013.09.21"]
[EventType "team-tourn"]
[EventRounds "9"]
[EventCountry "GER"]
[SourceTitle "EXT 2015"]
[Source "ChessBase"]
[SourceDate "2014.11.20"]
[SourceVersion "1"]
[SourceVersionDate "2014.11.20"]
[SourceQuality "1"]
[WhiteTeam "Metelen"]
[BlackTeam "Muenster SK IV"]
[WhiteTeamCountry "GER"]
[BlackTeamCountry "GER"]

1. e4 b6 2. d4 Bb7 3. Nc3 e6 4. Nf3 Bb4 5. Bd3 Nf6 6. Bg5 h6 7. Bxf6 Qxf6 8. a3 Bxc3+ 9. bxc3 c5 10. e5 Qe7 11. Qe2 0-0 12. 0-0 d6 13. a4 Nd7 14. exd6 Qxd6 15. Rfd1 Rfd8 16. a5 Qc7 17. Be4 Bxe4 18. Qxe4 bxa5 19. d5 exd5 20. Rxd5 Re8 21. Qf5 Re7 22. g4 Rae8 23. g5 Ne5 24. gxh6 Nxf3+ 25. Qxf3 gxh6 26. Qg3+ Kh7 27. Qxc7 Rxc7 28. Rxa5 Re1+ 29. Kg2 Re2 30. Rdxc5 Rxc5 31. Rxc5 Rxc2 32. Rc7 Kg6 1/2-1/2

[Event "Muensterland Verbandsklasse 1314"]
[Site "Germany"]
[Date "2013.11.23"]
[Round "3.8"]
[White "Gravenkoetter, Christian"]
[Black "Duecker, Marcel"]
[Result "1-0"]
[WhiteElo "1659"]
[BlackElo "1407"]
[PlyCount "85"]
[EventDate "2013.09.21"]
[EventType "team-tourn"]
[EventRounds "9"]
[EventCountry "GER"]
[SourceTitle "EXT 2015"]
[Source "ChessBase"]
[SourceDate "2014.11.20"]
[SourceVersion "1"]
[SourceVersionDate "2014.11.20"]
[SourceQuality "1"]
[WhiteTeam "Metelen"]
[BlackTeam "Stadtlohn"]
[WhiteTeamCountry "GER"]
[BlackTeamCountry "GER"]

1. e4 e5 2. Nf3 Nc6 3. Bc4 Nf6 4. d3 h6 5. Nc3 d6 6. Be3 Be7 7. Qd2 Be6 8. Nd5 Ng4 9. Bb5 a6 10. Bxc6+ bxc6 11. Nxe7 Qxe7 12. 0-0 c5 13. c4 f5 14. exf5 Bxf5 15. h3 Nf6 16. Nh4 Qd7 17. f4 e4 18. Nxf5 Qxf5 19. dxe4 Nxe4 20. Qc2 Ng3 21. Qa4+ Qd7 22. Qxd7+ Kxd7 23. Rfd1 Kc6 24. Kf2 Ne4+ 25. Kf3 Rae8 26. g3 Re7 27. a3 a5 28. b4 axb4 29. axb4 cxb4 30. Ra6+ Kd7 31. c5 Rd8 32. cxd6 cxd6 33. Ra7+ Ke8 34. Rxe7+ Kxe7 35. Kxe4 Rc8 36. Rc1 Rb8 37. Rc7+ Kf8 38. Bd4 g6 39. Rh7 Rb5 40. Rxh6 b3 41. Bb2 Rc5 42. Rh8+ Ke7 43. Rb8 1-0

[Event "Muensterland Verbandsklasse 1314"]
[Site "Germany"]
[Date "2013.09.21"]
[Round "1.7"]
[White "Gravenkoetter, Christian"]
[Black "Keller, Hansjuergen"]
[Result "1/2-1/2"]
[WhiteElo "1659"]
[BlackElo "1569"]
[PlyCount "36"]
[EventDate "2013.09.21"]
[EventType "team-tourn"]
[EventRounds "9"]
[EventCountry "GER"]
[SourceTitle "EXT 2015"]
[Source "ChessBase"]
[SourceDate "2014.11.20"]
[SourceVersion "1"]
[SourceVersionDate "2014.11.20"]
[SourceQuality "1"]
[WhiteTeam "Metelen"]
[BlackTeam "Nordwalde"]
[WhiteTeamCountry "GER"]
[BlackTeamCountry "GER"]

1. e4 d5 2. exd5 Qxd5 3. Nc3 Qa5 4. d4 c6 5. Nf3 Bg4 6. Be2 e6 7. h3 Bh5 8. a3 Nf6 9. Bd2 Qc7 10. g4 Bg6 11. Be3 Nbd7 12. Bd3 Bd6 13. Qe2 0-0-0 14. 0-0-0 Bf4 15. Bxf4 Qxf4+ 16. Qe3 Qxe3+ 17. fxe3 Nd5 18. Kd2 Nxc3 1/2-1/2

[Event "Muensterland Verbandsklasse-A 1213"]
[Site "Germany"]
[Date "2013.05.11"]
[Round "9.7"]
[White "Gravenkoetter, Christian"]
[Black "Buss, Harald"]
[Result "1/2-1/2"]
[WhiteElo "1656"]
[BlackElo "1788"]
[PlyCount "84"]
[EventDate "2012.09.15"]
[EventType "team-tourn"]
[EventRounds "9"]
[EventCountry "GER"]
[SourceTitle "EXT 2015"]
[Source "ChessBase"]
[SourceDate "2014.11.20"]
[SourceVersion "1"]
[SourceVersionDate "2014.11.20"]
[SourceQuality "1"]
[WhiteTeam "Metelen"]
[BlackTeam "Muenster Indische Dame"]
[WhiteTeamCountry "GER"]
[BlackTeamCountry "GER"]

1. e4 c5 2. Nf3 a6 3. c3 d5 4. exd5 Qxd5 5. d4 e6 6. Be3 cxd4 7. Qxd4 Qxd4 8. Bxd4 Nc6 9. Bb6 Nf6 10. Nbd2 Nd5 11. Nc4 Nxb6 12. Nxb6 Rb8 13. Bd3 Bc5 14. Nxc8 Rxc8 15. 0-0 0-0 16. Be4 Rc7 17. Bxc6 Rxc6 18. Rad1 Rc7 19. Ne5 Rfc8 20. Rd3 f6 21. Nf3 e5 22. Rfd1 Kf7 23. Rd7+ Ke6 24. Rxc7 Rxc7 25. Kf1 g5 26. g4 h5 27. h3 hxg4 28. hxg4 Be7 29. Kg2 Rc4 30. Nh2 Ra4 31. a3 Bc5 32. f3 Be3 33. Nf1 Bf4 34. Rd8 Rc4 35. Rd3 b5 36. Nd2 Bxd2 37. Rxd2 Rf4 38. Rd8 Rc4 39. Kg3 Rc6 40. Re8+ Kd5 41. Rd8+ Kc4 42. Kf2 Kb3 1/2-1/2

[Event "Muensterland Verbandsklasse-A 0809"]
[Site "Germany"]
[Date "2008.12.06"]
[Round "4.7"]
[White "Goihl, Herbert"]
[Black "Gravenkoetter, Christian"]
[Result "1/2-1/2"]
[WhiteElo "1663"]
[BlackElo "1546"]
[PlyCount "63"]
[EventDate "2008.09.13"]
[EventType "team-tourn"]
[EventRounds "9"]
[EventCountry "GER"]
[SourceTitle "EXT 2010"]
[Source "ChessBase"]
[SourceDate "2010.11.25"]
[SourceVersion "1"]
[SourceVersionDate "2010.11.25"]
[SourceQuality "1"]
[WhiteTeam "Emsdetten Rochade"]
[BlackTeam "Metelen"]
[WhiteTeamCountry "GER"]
[BlackTeamCountry "GER"]

1. c4 e5 2. g3 Nf6 3. Bg2 Be7 4. Nc3 Nc6 5. d3 d6 6. e4 0-0 7. Nge2 Be6 8. 0-0 Qd7 9. Nd5 Bg4 10. f3 Bh5 11. Be3 Nxd5 12. cxd5 Nd8 13. Qd2 f5 14. exf5 Bf7 15. f4 Qxf5 16. Be4 Qd7 17. Rac1 Bh5 18. fxe5 Rxf1+ 19. Rxf1 dxe5 20. d4 Bf6 21. dxe5 Bxe5 22. Rf5 Qe8 23. Bg2 Bxe2 24. Qxe2 Bd4 25. Rf3 Nf7 26. Qd2 Bxe3+ 27. Rxe3 Qb5 28. Qe1 Nd6 29. Kh1 Re8 30. Rxe8+ Qxe8 31. Qxe8+ Nxe8 32. Kg1 1/2-1/2

[Event "Muensterland Verbandsklasse-A 0809"]
[Site "Germany"]
[Date "2008.10.11"]
[Round "2.7"]
[White "Gravenkoetter, Christian"]
[Black "Bleier, Thomas"]
[Result "1-0"]
[WhiteElo "1546"]
[BlackElo "1577"]
[PlyCount "80"]
[EventDate "2008.09.13"]
[EventType "team-tourn"]
[EventRounds "9"]
[EventCountry "GER"]
[SourceTitle "EXT 2010"]
[Source "ChessBase"]
[SourceDate "2010.11.25"]
[SourceVersion "1"]
[SourceVersionDate "2010.11.25"]
[SourceQuality "1"]
[WhiteTeam "Metelen"]
[BlackTeam "Beelen"]
[WhiteTeamCountry "GER"]
[BlackTeamCountry "GER"]

1. e4 e6 2. d4 d5 3. exd5 exd5 4. Nf3 Nf6 5. h3 Bf5 6. Bd3 Ne4 7. c3 Bd6 8. 0-0 0-0 9. Bxe4 dxe4 10. Ne5 Qh4 11. f4 exf3 12. Qxf3 Be4 13. Qg4 Qxg4 14. Nxg4 Nd7 15. Bf4 Bxf4 16. Rxf4 f5 17. Nh2 Nf6 18. Nd2 g5 19. Rf2 Rae8 20. Nhf3 g4 21. Ne5 h5 22. Raf1 Kg7 23. Nxe4 fxe4 24. hxg4 Nxg4 25. Nxg4 hxg4 26. Rf4 e3 27. Rxg4+ Kh6 28. Rxf8 Rxf8 29. Re4 Rf2 30. Rxe3 Rxb2 31. Re7 c6 32. Kh2 Kg5 33. Re5+ Kf6 34. Ra5 a6 35. Ra3 Ke6 36. Kh3 Kd6 37. g4 Rb1 38. g5 Rg1 39. Kh4 Ke6 40. Rb3 b5 1-0

[Event "Muensterland Verbandsklasse-B 0708"]
[Site "Germany"]
[Date "2007.12.15"]
[Round "4.8"]
[White "Gravenkoetter, Christian"]
[Black "Zachert, Axel"]
[Result "0-1"]
[WhiteElo "1658"]
[BlackElo "1587"]
[PlyCount "82"]
[EventDate "2007.09.15"]
[EventType "team"]
[EventRounds "9"]
[EventCountry "GER"]
[SourceTitle "EXT 2009"]
[Source "ChessBase"]
[SourceDate "2008.11.26"]
[SourceVersion "1"]
[SourceVersionDate "2008.11.26"]
[SourceQuality "1"]
[WhiteTeam "Metelen"]
[BlackTeam "Westerkappeln"]
[WhiteTeamCountry "GER"]
[BlackTeamCountry "GER"]

1. f4 d5 2. e3 Nf6 3. Nf3 Bg4 4. Be2 e6 5. b3 c5 6. Ne5 Bxe2 7. Qxe2 Nc6 8. Nxc6 bxc6 9. d3 Bd6 10. 0-0 e5 11. fxe5 Bxe5 12. d4 Bd6 13. Bb2 Ne4 14. Rf3 Qc7 15. g3 0-0 16. Kg2 cxd4 17. exd4 Rae8 18. Qd3 Re6 19. Ba3 Bxa3 20. Nxa3 Qa5 21. Nb1 Rfe8 22. c3 Qd8 23. a4 Ng5 24. Rf2 Re1 25. h4 Ne4 26. Rf1 Rxf1 27. Kxf1 Qf6+ 28. Kg2 Qf2+ 29. Kh3 Qf5+ 30. Kg2 Qf2+ 31. Kh3 Qf5+ 32. Kg2 Qf2+ 33. Kh3 Nf6 34. Ra2 Qxa2 35. Nd2 Ne4 36. Nxe4 Rxe4 37. Qa6 Qe2 38. Qc8+ Re8 39. Qa6 Qxa6 40. c4 dxc4 41. bxc4 Qxc4 0-1